| 000 | 01412cam a2200373 a 4500 | ||
|---|---|---|---|
| 001 | 2089169 | ||
| 003 | EG-ScBUE | ||
| 005 | 20220316102341.0 | ||
| 008 | 950907s1999 inu f d s001 0 eng d | ||
| 020 | _a0253213428 | ||
| 020 | _a9780253213426 | ||
| 040 |
_aDLC _beng _erda _cDLC _dDLC _dEG-ScBUE |
||
| 041 | 1 |
_aeng _hara |
|
| 082 | 0 | 4 |
_a398.22089927 _222 _bADV |
| 130 | 0 |
_aSirat Sayf ibn Dhi Yazan. _lEnglish. _kSelections _924144 |
|
| 245 | 0 | 4 |
_aThe adventures of Sayf ben Dhi Yazan : _ban Arab folk epic / _ctranslation and narration by Lena Jayyusi ; introduction by Harry Norris. |
| 264 | 1 |
_aBloomington, Indiana : _bIndiana University Press, _c1999. |
|
| 300 |
_axxvi, 308 pages ; _c25 cm |
||
| 336 |
_2rdacontent _atext _btxt |
||
| 337 |
_2rdamedia _aunmediated _bn |
||
| 338 |
_2rdacarrier _avolume _bnc |
||
| 500 | _aIncludes index. | ||
| 500 | _aIncludes glossary. | ||
| 500 | _aIncludes Appendices | ||
| 546 | _aText in English ; translated into the original Arabic. | ||
| 650 | 7 |
_aFolk literature, Arabic _xTranslations into English. _2BUEsh |
|
| 651 | _2BUEsh | ||
| 653 |
_cMay2011 _bARALIT |
||
| 655 |
_vReading book _934232 |
||
| 700 | 1 |
_aJayyusi, Lena, _etranslator. _924145 |
|
| 700 | 1 |
_aNorris, Harry, _eauthor of introduction, etc. |
|
| 942 |
_2ddc _cBB |
||
| 999 |
_c15404 _d15404 |
||